Catálogo
 En Linea

Desmóntate del sexismo y ·resetéate por la igualdad y la eliminación de la violencia contra la mujer : (Registro nro. 49798)

Detalles MARC
000 -CABECERA
campo de control de longitud fija 01245nam a22002777a 4500
003 - IDENTIFICADOR DEL NÚMERO DE CONTROL
campo de control DO-SdBNP
005 - FECHA Y HORA DE LA ÚLTIMA TRANSACCIÓN
campo de control 20250918133617.0
007 - CAMPO FIJO DE DESCRIPCIÓN FÍSICA--INFORMACIÓN GENERAL
campo de control de longitud fija ta
008 - DATOS DE LONGITUD FIJA--INFORMACIÓN GENERAL
campo de control de longitud fija 210503b200? dr acodgrf||| 00| 0 spa d
020 ## - NÚMERO INTERNACIONAL ESTÁNDAR DEL LIBRO
Número Internacional Estándar del Libro 9789945926507
040 ## - FUENTE DE LA CATALOGACIÓN
Centro catalogador/agencia de origen DO-SdBNP
Lengua de catalogación spa
Centro/agencia transcriptor BNPHU
041 ## - CÓDIGO DE LENGUA
Código de lengua original spa
082 #4 - NÚMERO DE LA CLASIFICACIÓN DECIMAL DEWEY
Número de clasificación 362.8292
Número de documento/Ítem M778d
Número de edición 22
100 1# - ENTRADA PRINCIPAL--NOMBRE DE PERSONA
Nombre de persona Montero Santiago, Ramón Stalin
9 (RLIN) 78536
245 1# - MENCIÓN DE TÍTULO
Título Desmóntate del sexismo y ·resetéate por la igualdad y la eliminación de la violencia contra la mujer :
Resto del título resetéate, acabemos con la violencia hacia las mujeres /
Mención de responsabilidad, etc. Ramón Stalin Montero Santiago ; ilustración: Manauri Jorge, Ianko Selig.
260 ## - PUBLICACIÓN, DISTRIBUCIÓN, ETC.
Lugar de publicación, distribución, etc. Santo Domingo:
Nombre del editor, distribuidor, etc. IGEF/UASD,
-- Oxfam,
Fecha de publicación, distribución, etc. [200?]
300 ## - DESCRIPCIÓN FÍSICA
Extensión 181 p.:
Otras características físicas il., retrs., diagrama,
Dimensiones 28 cm.
500 ## - NOTA GENERAL
Nota general Manual para docentes orientado al desmonte de imaginarios y normas sociales sobre violencia contra las mujeres en personas jóvenes.
590 ## - NOTA LOCAL (RLIN)
Nota local Inventariado, 2021/MFF
650 #0 - PUNTO DE ACCESO ADICIONAL DE MATERIA--TÉRMINO DE MATERIA
Término de materia o nombre geográfico como elemento de entrada Violencia conyugal
9 (RLIN) 51266
700 1# - PUNTO DE ACCESO ADICIONAL--NOMBRE DE PERSONA
Nombre de persona Jorge, Manauri,
Término indicativo de función/relación il.
9 (RLIN) 78538
700 1# - PUNTO DE ACCESO ADICIONAL--NOMBRE DE PERSONA
Nombre de persona Selig, Ianko,
Término indicativo de función/relación il.
9 (RLIN) 78539
710 2# - PUNTO DE ACCESO ADICIONAL--NOMBRE DE ENTIDAD CORPORATIVA
Nombre de entidad corporativa o nombre de jurisdicción como elemento de entrada Instituto de Investigación y Estudio de Género y Familia (Universidad Autónoma de Santo Domingo)
9 (RLIN) 79122
910 ## - DATOS DE OPCIÓN DEL USUARIO (OCLC)
Datos de opción del usuario Validado. Control de calidad MFF
942 ## - ELEMENTOS DE PUNTO DE ACCESO ADICIONAL (KOHA)
Fuente del sistema de clasificación o colocación Dewey Decimal Classification
Tipo de ítem Koha Libro
Existencias
Estado de retiro Estado de pérdida Fuente del sistema de clasificación o colocación Restricciones de uso No para préstamo Código de colección Localización permanente Ubicación/localización actual Ubicación en estantería Fecha de adquisición Fuente de adquisición Total de préstamos Signatura topográfica completa Código de barras Fecha visto por última vez Precio válido a partir de Tipo de ítem Koha Número de copia
    Dewey Decimal Classification Préstamo en sala   Dominicana de Servicio Biblioteca Nacional Pedro Henríquez Ureña General Depósito 26.03.2021 Donado por Editora Búho   BNPHUDS 362.8292 M778d 2021-1642 03.05.2021 03.05.2021 Libro y Folleto Colección Dominicana de Servicio e.3
    Dewey Decimal Classification Excluido de préstamo Excluido de préstamo Patrimonio Dominicano Biblioteca Nacional Pedro Henríquez Ureña Patrimonio Dominicano Depósito 26.03.2021 Donado por Editora Búho   BNPHU PD 362.8292 M778d 2021-1640 03.05.2021 03.05.2021 Libro y Folleto Colección Patrimonio Dominicano  
    Dewey Decimal Classification Excluido de préstamo Préstamo restrigido Patrimonio Dominicano Biblioteca Nacional Pedro Henríquez Ureña Patrimonio Dominicano Depósito 26.03.2021 Donado por Editora Búho   BNPHU PD 362.8292 M778d 2021-1641 03.05.2021 03.05.2021 Libro y Folleto Colección Patrimonio Dominicano e.2

Con tecnología Koha